000
00307nam a2200133Ia 4500
005
20251222155050.0
008
251222s9999||||xx |||||||||||||| ||spa||
082
_a
REL.94
100
_a
P.ANTONIO Ma.
245
0
_a
Compendio de TeologĂa Moral
250
_a
24va. ed.
264
_b
No tiene
942
_c
LIB
999
_c
37229
_d
37229